000 01128nmc a2200409 a 4500
003 AR-BaBNM
005 20251128204629.0
008 025119s1988 ||||||||||||||000 | spa||
020 _a950-620-044-0
040 _cAR-BaBNM
100 1 _aZuretti, Juan Carlos
245 1 0 _aBreve historia de la educación
260 _aBuenos Aires
_bClaridad
_c1988
300 0 _a311 p.
490 0 _aBreve historia. Educación
500 0 _aNota preliminar por Gabriel Taboada
504 _aBibliografía p. 299-300
600 0 4 _aSócrates
600 0 4 _aPlatón
600 0 4 _aAristóteles
600 0 4 _aIsócrates
600 1 4 _aCicerón, Marco Tulio
600 1 4 _aQuintiliano, Marco Fabio
600 0 4 _aJerónimo
600 0 4 _aAgustín
_d354-430
600 0 4 _aTomás de Aquino
_d1225?-1274
600 0 4 _aJosé de Calasanz
600 0 4 _aJuan Bautista de la Salle
650 4 _aPREHISTORIA
650 4 _aHISTORIA DE LA EDUCACION
650 4 _aEDUCACION CRISTIANA
650 4 _aESTADO Y EDUCACION
800 1 _aTaboada, Gabriel
800 1 _aZuretti, Juan Carlos
_edirector
942 _cBK
998 _cCarmen
999 _c8150
_d8150